Účtovná závierka, zisťovanie výsledku hospodárenia, jeho analýza a členenie vo vybranom podnikateľskom subjekte diplomová práca

Saved in:
Bibliographic Details
Main Author: Mihálová, Andrea
Corporate Author: Národohospodárska fakulta EU. Katedra financií
Other Authors: Šabíková, Ingrid
Format: Book
Language:Slovak
Published: Bratislava 2010
Tags: Add Tag
No Tags, Be the first to tag this record!

MARC

LEADER 00000nam$a2200000$$$4500
001 0118985
005 20240318123645.7
041 0 |a slo 
044 |a SK 
245 1 0 |a Účtovná závierka, zisťovanie výsledku hospodárenia, jeho analýza a členenie vo vybranom podnikateľskom subjekte  |b diplomová práca  |c Andrea Mihálová ; škol. Ingrid Šabíková 
264 1 |a Bratislava  |c 2010 
300 |a 54 s. 
100 1 |a Mihálová, Andrea 
700 1 |a Šabíková, Ingrid 
710 2 |a Národohospodárska fakulta EU. Katedra financií